Tập bài giảng lịch sử triết học
Giới thiệu triết học Hy Lạp cổ đại; Triết học Tây Âu thời kỳ Trung cổ. Đề cập đến triết học Tây Âu thời kỳ phục hơng và cận đại; Triết học cổ điển Đức.
Đã lưu trong:
| Tác giả chính: | |
|---|---|
| Định dạng: | Sách |
| Năm xuất bản: |
H.
Chính trị quốc gia
1994
|
| Chủ đề: | |
| Tags: |
Thêm thẻ
Không có thẻ, Hãy là người đầu tiên gắn thẻ bản ghi này!
|
| LEADER | 00833nam a2200169 4500 | ||
|---|---|---|---|
| 082 | |a 109 |b T123b | ||
| 100 | |a Lê Doãn Tá chủ biên | ||
| 245 | |a Tập bài giảng lịch sử triết học |c Lê Doãn Tá chủ biên, Nguyễn Bằng Tướng, Ngô Ngọc Thắng,... | ||
| 260 | |a H. |b Chính trị quốc gia |c 1994 | ||
| 300 | |a |c 19cm. | ||
| 520 | |a Giới thiệu triết học Hy Lạp cổ đại; Triết học Tây Âu thời kỳ Trung cổ. Đề cập đến triết học Tây Âu thời kỳ phục hơng và cận đại; Triết học cổ điển Đức. | ||
| 653 | |a Triết học | ||
| 653 | |a Lịch sử | ||
| 653 | |a Bài giảng | ||
| 942 | |2 ddc |c SH | ||
| 999 | |c 7671 |d 7671 | ||
| 952 | |0 0 |1 0 |2 ddc |4 0 |6 109_000000000000000_T123B |7 0 |8 100 |9 68507 |a qbu |b qbu |c D2 |d 2015-03-12 |g 17500 |o 109 T123b |p 7415.c1 |r 0000-00-00 |w 2015-03-12 |y SH | ||